MARC

LEADER 00000cam a2200000 7i4500
001 0000029397
005 20100517.0
020 |a 0099488941 
090 0 0 |a BRI   |b ENG 
100 1 |a Brink, Andre´ Philippus ,   |d 1935-. 
245 1 0 |a Praying mantis   |c Andre Brink 
260 |a London :   |b Vintage Books ,   |c 2005 
300 |a 275 p ;   |c 22 cm. 
500 |a Formerly CIP 
600 1 0 |a Cockroach, Cupido   |v Fiction 
650 0 |a Dutch   |z Africa, Southern   |v Fiction 
650 0 |a Missions   |z Africa, Southern   |v Fiction 
650 0 |a Racism   |z Africa, Southern   |v Fiction 
651 0 |a Africa, Southern   |x Social conditions   |v Fiction 
999 |a 0001061857   |b Book   |c Adult Collection   |e Perbadanan Perpustakaan Awam Johor